| Record ID | marc_loc_2016/BooksAll.2016.part41.utf8:58071519:2237 |
| Source | Library of Congress |
| Download Link | /show-records/marc_loc_2016/BooksAll.2016.part41.utf8:58071519:2237?format=raw |
LEADER: 02237cam a22004937i 4500
001 2013437234
003 DLC
005 20140626085306.0
008 130628t20122012gw ac bc 000 0deng d
010 $a 2013437234
016 7 $a1018210350$2GyFmDB
016 7 $a016460630$2Uk
016 7 $a1018210350$2DE-101
020 $a9783829606028
020 $a3829606028
035 $a(OCoLC)ocn785504511
040 $aERASA$beng$cERASA$erda$dYDXCP$dBWX$dNUI$dCAM$dKSU$dOHX$dDKC$dJPG$dCUS$dUKMGB$dZCU$dDLC
042 $alccopycat
043 $an-us---
050 00 $aND237.H75$bA4 2012
072 7 $aN$2lcco
082 04 $a700.411.2
100 1 $aHopper, Edward,$d1882-1967,$eartist.
245 10 $aEdward Hopper :$bpaintings & ledger book drawings /$cintroduction by Adam D. Weinberg ; essays by Deborah Lyons and Brian O'Doherty.
246 3 $aEdward Hopper :$bpaintings and ledger book drawings
246 30 $aPaintings & ledger book drawings
264 1 $aMunich :$bSchirmer/Mosel,$c[2012]
264 4 $c©2012
300 $a149 pages :$billustrations (some color), portrait ;$c31 cm.
336 $atext$btxt$2rdacontent
337 $aunmediated$bn$2rdamedia
338 $avolume$bnc$2rdacarrier
504 $aIncludes bibliographical references (pages 19-21).
520 8 $aIn his ledger books, Edward Hopper recorded paintings made and sold, accountings made and payments received, materials used and subjects considered. Juxtaposing selected ledger pages with reproductions of the respective paintings, this original Schirmer/Mosel publication documents the making of and fate of Hopper's most revered works.
600 10 $aHopper, Edward,$d1882-1967$vNotebooks, sketchbooks, etc.
600 10 $aHopper, Edward,$d1882-1967$vCatalogs.
650 0 $aArtists' preparatory studies$zUnited States.
650 0 $aPainting, American$y20th century$vCatalogs.
650 0 $aDrawing, American$y20th century$vCatalogs.
700 1 $aWeinberg, Adam D.,$ewriter of introduction.
700 1 $aLyons, Deborah,$ewriter of essay.
700 1 $aO'Doherty, Brian,$eart critic.
710 2 $aWhitney Museum of American Art,$eowner.
856 42 $3Publisher description$uhttp://www.loc.gov/catdir/enhancements/fy1406/2013437234-d.html